县级行政区接壤地图#18 江源区 Jiangyuan Bordering Map - Statistics

General Stats
  • This quiz has been taken 5 times
  • The average score is 4 of 5
Answers on the Map
Answers color-coded by a green-red scale on the quiz's map according to % correct below.
 
Answer Stats
% Correct
柳河县
100%
靖宇县
100%
浑江区
80%
抚松县
80%
临江市
60%
No matching quizzes found
Score Distribution
Percent of People with Each Score
Percentile by Number Answered
Your Score History
You have not taken this quiz